00259nam a22001097a 4500041000900000082001600009100001700025245001600042260003400058300001100092650004600103 aUrdu a922.97bIQB aJaved Iqbal aZIndah rood aNew DelhibILMI Academyc2013 a800 P. aIqbal, Muhammad, Sir, 1877-1938 biography